Statistiques concernant Tous les clubs ayant participé a Ligue 1 et Division 1 (1932-2023)

Cliquez ici pour prendre le quiz!

Statistiques générales

  • Ce quiz a été pris 119 fois
  • Le résultat moyen est 46 sur 74

Statistiques - réponses

PointsMatchs jouésSaisonRéponseDivision Actuelle
(2023-2024)
% Correct
3012261874Olympique de MarseilleLigue 1
99%
2435233064LOSC LilleLigue 1
96%
2344234465OGC NiceLigue 1
96%
2773237265AS MonacoLigue 1
95%
2259223662RC LensLigue 1
93%
2790253269AS Saint-EtienneLigue 2
92%
2842254469Girondins de BordeauxLigue 2
92%
2667240266Olympique LyonnaisLigue 1
92%
2128223563RC StrasbourgLigue 1
92%
1078102030Racing ParisNational 2
91%
30442CA ParisDépartemental 1
90%
2288204656FC NantesLigue 1
90%
2292237667Stade Rennais FCLigue 1
90%
1505138439Stade de ReimsLigue 1
88%
69667819Toulouse FCDisparition en 1967
87%
1124123434Toulouse FCLigue 1
87%
54060217FC LorientLigue 1
86%
2090226264FC MetzLigue 1
86%
55563818Stade BrestoisLigue 1
86%
41252414AC AjaccioLigue 2
82%
29381GFC AjaccioRégional 2
82%
2291947Olympique LilloisDisparu en 1944
82%
1389147842Montpellier HSCLigue 1
80%
69783Clermont FootLigue 1
79%
75587425Le Havre ACLigue 1
79%
1339123433AJ AuxerreLigue 2
78%
2350236866FC Sochaux-MontbeliardNational
77%
1167126434SC BastiaLigue 2
77%
48553015FC NancyDisparu en 1968
76%
1047114831SCO AngersLigue 2
76%
1302131036Nîmes OlympiqueNational
75%
8110433Amiens SCLigue 2
74%
42248213En Avant GuingampLigue 2
74%
1087121433Valenciennes FCLigue 2
74%
2294187151Paris Saint-GermainLigue 1
72%
58468418SM CaenLigue 2
72%
1053113230AS Nancy LorraineNational
71%
59743SC NîmesDisparu en 1937
70%
1261524Evian ThononNational 2
68%
52970219ES Troyes ACLigue 2
66%
1261524Tours FCNational 3
66%
1121524Grenoble FootLigue 2
65%
1992286Le Mans FCNational
65%
39545212Sporting ToulonNational 2
65%
1562186Dijon FCONational
64%
81183423CS Sedan ArdennesRégional 1
60%
62767819FC RouenNational
58%
42654016Red StarNational
58%
68674822AS CannesNational 2
57%
20381Arles-AvignonRégional 1
54%
45949413Stade LavalloisLigue 2
52%
26381Istres FCNational 3
50%
50750416FC SèteDisparu en 2023
45%
20381AS AixDépartemental 1
42%
24381US BoulogneNational 2
42%
23341Berrichonne ChâtearouxNational
39%
34334410CO Roubaix-TourcoingDisparu en 1990
39%
911143Paris FCLigue 2
39%
72903RC RoubaixDisparu en 1948
38%
1371846FC MulhouseRégional 1
37%
32381Chamois NiortaisNational
36%
901143FC MartiguesNational
32%
31341SR ColmarNational 2
31%
12181Hyères FCNational 2
29%
1021143Limoges FootballRégional 2
26%
24341AS BéziersRégional 1
20%
30381FC GueugnonNational 3
20%
931103Angoulême CFCNational 2
13%
1731947FC AntibesDépartemental 1
12%
1281846Olympique d'AlèsNational 2
12%
48053815Stade FrançaisDépartemental 4
12%
1961947Excelsior ACDisparu en 1948
6%
1911947SC FivoisDisparu en 1944
6%
13181Club FrançaisDisparu en 1935
2%

Distribution des résultats

Percentile par nombre de réponses

% des personnes avec chaque résultat

Votre développement - résultats

Vous n’avez pas pris ce quiz